TH-MS-Development of binary constructs for edible vaccines againts HCV (Record no. 480822)
[ view plain ]
| 000 -LEADER | |
|---|---|
| fixed length control field | 00506nam a22001577a 4500 |
| 003 - CONTROL NUMBER IDENTIFIER | |
| control field | ASAB |
| 005 - DATE AND TIME OF LATEST TRANSACTION | |
| control field | 20180827062833.0 |
| 008 - FIXED-LENGTH DATA ELEMENTS--GENERAL INFORMATION | |
| fixed length control field | 180510t xxu||||| |||| 00| 0 eng d |
| 040 ## - CATALOGING SOURCE | |
| Transcribing agency | ASAB |
| 100 ## - MAIN ENTRY--PERSONAL NAME | |
| Personal name | AQSA IKRAM-Sup-Dr. Muhammad Tahir |
| 9 (RLIN) | 3843 |
| 245 ## - TITLE STATEMENT | |
| Title | TH-MS-Development of binary constructs for edible vaccines againts HCV |
| Statement of responsibility, etc. | AQSA IKRAM-Sup-Dr. Muhammad Tahir |
| 260 ## - PUBLICATION, DISTRIBUTION, ETC. | |
| Place of publication, distribution, etc. | Islamabad |
| Name of publisher, distributor, etc. | ASAB (NCVI) |
| Date of publication, distribution, etc. | 2012 |
| 300 ## - PHYSICAL DESCRIPTION | |
| Extent | x, 81 P |
| Other physical details | 30 cm |
| 630 ## - SUBJECT ADDED ENTRY--UNIFORM TITLE | |
| Uniform title | Virology and Immunology |
| 9 (RLIN) | 3844 |
| 942 ## - ADDED ENTRY ELEMENTS (KOHA) | |
| Source of classification or shelving scheme | |
| Koha item type | |
| Withdrawn status | Lost status | Source of classification or shelving scheme | Damaged status | Not for loan | Collection code | Permanent Location | Current Location | Date acquired | Total Checkouts | Full call number | Barcode | Date last seen | Price effective from | Koha item type | Shelving location |
|---|---|---|---|---|---|---|---|---|---|---|---|---|---|---|---|
| Atta-ur-Rahman School of Applied Biosciences (ASAB) | Atta-ur-Rahman School of Applied Biosciences (ASAB) | 05/10/2018 | Thesis 2012 AI | ASABms-2-12 | 05/11/2018 | 05/10/2018 | |||||||||
| Central Library (CL) | Central Library (CL) | 01/21/2020 | 616 | CL-T-4643 | 01/21/2020 | 01/21/2020 | Thesis | Thesis | |||||||
| Central Library (CL) | Central Library (CL) | 01/27/2020 | 616 | CL-T-4790 | 01/27/2020 | 01/27/2020 | Thesis | Thesis | |||||||
| Central Library (CL) | Central Library (CL) | 01/29/2020 | 660.01 | Cl-T-4858 | 01/29/2020 | 01/29/2020 | Thesis | Thesis |
